The Forms of Meaning : (Record no. 608061)

MARC details
000 -LEADER
fixed length control field 00516nam a2200193 a 4500
008 - FIXED-LENGTH DATA ELEMENTS--GENERAL INFORMATION
fixed length control field 260109s2000##################000#0#eng##
020 ## - INTERNATIONAL STANDARD BOOK NUMBER
ISBN 9783110167528
082 04 - DEWEY DECIMAL CLASSIFICATION NUMBER
Classification number 302.2
Item number SEB
100 1# - MAIN ENTRY--AUTHOR NAME
Personal name Sebeok, Thomas Albert,
245 10 - TITLE STATEMENT
Title The Forms of Meaning :
260 ## - PUBLICATION, DISTRIBUTION, ETC. (IMPRINT)
Name of publisher Walter de Gruyter,
Year of publication 2000.
300 ## - PHYSICAL DESCRIPTION
Number of Pages 264 pages
650 #0 - SUBJECT ADDED ENTRY--TOPICAL TERM
Topical Term Language Arts & Disciplines.
942 ## - ADDED ENTRY ELEMENTS (KOHA)
Koha item type English Books
Holdings
Withdrawn status Lost status Damaged status Not for loan Home library Current library Shelving location Date acquired Full call number Accession Number Price effective from Koha item type
        Anna Centenary Library Anna Centenary Library 3RD FLOOR, B WING 10.01.2026 302.2 SEB 388515 10.01.2026 English Books

Find us on the map